| 000 | 01083nam a22002772a 4500 | ||
|---|---|---|---|
| 001 | 12042 | ||
| 003 | BD-RjUL | ||
| 005 | 20211208235227.0 | ||
| 008 | 500101s1933 enk 000 0 eng d | ||
| 035 | _a(BD-RjUL)12091 | ||
| 040 |
_aDLC _cCLE _dEQO _dBD-RjUL _beng |
||
| 041 | _aeng | ||
| 082 |
_a016.297822 _223 _bIVG 1933 |
||
| 100 | 1 |
_aIvanow, Wladimir. _9221819 |
|
| 245 | 1 | 2 |
_aA guide to Ismaili literature / _cby W. Ivanow |
| 260 |
_aLondon : _bThe Royal Asiatic society, _c1933 |
||
| 300 |
_axii, 138 p. _c22 cm |
||
| 490 | 1 |
_aPrize Publication Fund (Series) ; _vv. 13 |
|
| 500 | _aBased on "the so-called Fihristu'l-majdū' or, more accurately, alMajmū' fī fihristi'l-kutub, by Isma'īl b. 'Abdi'r-Rasūl of Ujjain." cf. Pref., p. [v] | ||
| 650 | 0 |
_aIsmaili literature _xHistory and criticism _9221820 |
|
| 650 | 0 |
_aIsmaili literature _xBibliography _9221821 |
|
| 700 | 0 |
_aIsmāʿīl ibn ʿAbd al-Rasūl, _dd. 1769 or 70. _tMajmūʿ fī fihrist al-kutub _998413 |
|
| 830 | 0 |
_aPrize Publication Fund (Series) ; _vv. 13 _9221826 |
|
| 942 |
_2ddc _cREF |
||
| 999 |
_c12042 _d12042 |
||